[Event "8th HDBank Cup 2018"]
[Site "Hanoi"]
[Date "2018.03.10"]
[Round "1"]
[White "Le, Quang Liem"]
[Black "Pham, Le Thao Nguyen"]
[Result "1-0"]
[WhiteElo "2736"]
[BlackElo "2354"]
[Annotator "TA"]
[PlyCount "61"]
[EventDate "2018.??.??"]
[EventCountry "VIE"]
[SourceTitle "playchess.com"]
[Source "ChessBase"]
[SourceQuality "1"]

{[%evp 24,61,25,8,28,29,48,29,88,32,113,97,93,86,127,141,130,143,186,177,290,281,274,276,296,279,273,275,271,147,145,137,288,291,380,374,475,455,443,473]} 1. c4 e6 2. Nc3 d5 3. d4 Nf6 4. cxd5 exd5 5. Bg5 c6 6. e3 Be7 7. Bd3 Nbd7 8. Nge2 O-O 9. Qc2 Re8 10. O-O Nf8 11. f3 h6 12. Bh4 Ne6 13. Kh1 {LiveBook: 3 Games. D36: Queen's Gambit Declined: Exchange Variation: Main line (5 Bg5 c6 6 Qc2)} (13. Rad1 a5 14. Bf2 b6 15. h3 Ra7 16. e4 Nh5 17. Be3 dxe4 18. Bxe4 Qc7 19. d5 cxd5 20. Nxd5 Qxc2 21. Bxc2 {½-½ (89) Sieciechowicz,M (2387)-Kovalenko,I (2639) Bialystok 2017}) 13... Nh5 14. Bf2 Nf6 15. Rad1 {White is slightly better.} Bd7 (15... Nh5 $1 $11) 16. Bg1 $146 (16. e4 $16) ({Predecessor:} 16. e4 dxe4 17. fxe4 Ng4 18. Bg1 Bg5 19. Rf3 Bh4 20. Rdf1 Rf8 {½-½ (36) Kreyssig,R (1801)-Werner,H (1950) Leipzig 2009}) 16... Ng5 (16... Nh5 $14) 17. e4 $16 dxe4 18. fxe4 {[%cal Bf3e4,Be4e5][%mdl 32]} Bg4 19. h3 Bh5 20. Rde1 Ne6 {[#]} 21. e5 $1 Bxe2 (21... Nd7 {is a better defense.} 22. g4 Bg6) 22. Qxe2 $18 (22. Rxe2 Nh5 $14) 22... Nd5 {[#]} 23. Qe4 $1 {[%cal Re4h7] White threatens Qh7+ and mate.} ({Weaker is} 23. Nxd5 Qxd5 24. Bc4 Qd7 $16) 23... Ng5 24. Qg4 Bb4 25. h4 Ne6 26. Rc1 (26. Nxd5 $18 Qxd5 27. Rc1) 26... Bxc3 $16 27. bxc3 {[%cal Bb2c3,Bc3c4][%mdl 32]} Nf8 $2 (27... b5 $16) 28. c4 $18 Nb4 29. Bb1 c5 30. d5 Rxe5 31. Bxc5 {Precision: White = 66%, Black = 23%.} 1-0

[Event "8th HDBank Cup 2018"]
[Site "Hanoi"]
[Date "2018.03.10"]
[Round "1"]
[White "Sethuraman, S. P."]
[Black "Wang, Jue"]
[Result "0-1"]
[WhiteElo "2649"]
[BlackElo "2354"]
[Annotator "TA"]
[PlyCount "116"]
[EventDate "2018.??.??"]
[EventCountry "VIE"]
[SourceTitle "playchess.com"]
[Source "ChessBase"]
[SourceQuality "1"]

{[%evp 25,116,-15,39,54,54,29,42,40,36,40,29,34,43,32,41,41,54,56,50,52,59,39,57,31,27,22,18,0,23,34,14,15,57,8,31,54,58,48,52,46,113,137,345,339,287,232,278,234,505,463,438,240,299,290,333,238,217,244,297,222,205,-15,113,83,182,-11,-11,-14,-8,-8,-26,-216,-209,-217,-207,-183,-134,-913,-764,-2339,-1792,-1304,-954,-940,-651,-1109,-766,-29970,-29954,-29986,-29987,-29994,-29995]} 1. d4 d5 2. c4 c6 3. Nf3 Nf6 4. Nc3 e6 5. e3 Nbd7 6. Bd3 dxc4 7. Bxc4 b5 8. Bd3 Bb7 9. O-O a6 10. e4 c5 11. d5 Qc7 12. Qe2 c4 {D48: Semi-Slav: Meran System: 7...b5 8 Bd3 a6} 13. Bc2 e5 {LiveBook: 4 Games} ({Black should try} 13... Bd6 $11) (13... Bd6 14. dxe6 fxe6 15. Nd4 Bxh2+ 16. Kh1 Nc5 17. f4 e5 18. Ndxb5 axb5 19. Kxh2 h5 20. fxe5 Ng4+ 21. Kh1 Ne6 22. g3 Nd4 23. Qd1 Nxc2 24. Qxc2 h4 25. Kg2 Qxe5 {0-1 (25) Hoffmann,M (2484)-Pijpers,A (2467) Germany 2016}) 14. Bd2 $14 Bd6 {White is slightly better.} 15. Nh4 $146 ({Find the theoretical novelty and annotate with similar games:} 15. Rfc1 O-O 16. b4 Qb8 17. a4 Bxb4 18. Rcb1 Bc5 19. axb5 Qc7 20. Be3 Rac8 21. bxa6 {1-0 (34) Bars,J (2262)-Sutherland,D (1807) ICCF email 2011}) 15... g6 16. Bh6 Bf8 17. Qd2 Bxh6 18. Qxh6 Qd6 19. Rad1 Ng4 20. Qg5 h5 21. g3 Qe7 22. Qd2 O-O 23. d6 Qe6 24. b4 Ngf6 25. Nf3 Nh7 26. Qe3 Rfe8 27. Rd2 Bc6 28. a4 Kg7 29. Nh4 Ndf6 30. f4 Qd7 31. Nf3 $1 Ng4 $1 {[%cal Rg4e3]} 32. Qc5 {Threatens to win with h3.} exf4 (32... Nf8 $1 $14) 33. gxf4 $16 f6 $2 (33... Nf8 $16) 34. h3 $18 Nh6 35. Rg2 Nf8 36. f5 Rad8 $2 (36... g5 37. Nxg5 Kh8) 37. axb5 axb5 38. Nd4 (38. e5 $142) 38... Bb7 39. Ndxb5 Re5 40. Qc7 {Black must now prevent Ra1.} (40. Qxc4 Ba6 $18) 40... Nf7 {[%cal Rf7d6]} 41. Rd1 ({And not} 41. Qxc4 Ba6 $11) 41... Ng5 42. Rxg5 ({Less strong is} 42. Qxc4 Nxh3+ 43. Kh2 Nf4 $16) 42... fxg5 {[#]} 43. Qxc4 $2 (43. Ra1 $1 $18 {[%cal Ra1a7] And now Ra7 would win.} Ra8 44. Rxa8 Bxa8 45. Nd4 (45. Qxc4 gxf5 46. Qd4 Ng6 $16)) 43... Kh7 (43... gxf5 $11 {remains equal.} 44. exf5 Kh6) 44. Qd4 Qg7 (44... Rxb5 $16 45. Ba4 Bc6) 45. f6 $2 (45. Rf1 $18 {aiming for f6.} Nd7 46. f6) 45... Qxf6 $11 46. Rf1 Qg7 {White should prevent ...Ne6.} 47. Bb3 $1 {Strongly threatening Rf7.} Ne6 48. Qb6 $2 {[#]} (48. Bxe6 $1 $11 {and White stays safe.} Rxe6 49. Qc4) 48... Rd7 $1 $19 49. Nd4 Nf4 50. Ba4 Rf7 ({Weaker is} 50... Nxh3+ 51. Kh2 $11) 51. Kh2 $2 {[%mdl 8192]} (51. Rxf4 $17 gxf4 52. Nf3 Bxe4 53. Nxe4 Rxe4 54. Ng5+ Kh6 55. Nxe4 Qa1+ 56. Kf2 Qxa4 57. Qd4 Qa2+ 58. Kg1) 51... Bxe4 {Hoping for ...Nd5.} 52. Nxe4 Rxe4 53. Nf3 Qf6 54. Qc5 Kh6 55. d7 Ne6 56. Nd2 Rf4 {Black mates.} 57. Ne4 Qb2+ 58. Nf2 Nxc5 {Precision: White = 41%, Black = 49%.} 0-1

[Event "8th HDBank Cup 2018"]
[Site "Hanoi"]
[Date "2018.03.10"]
[Round "1"]
[White "Gordievsky, Dmitry"]
[Black "Kunal, M.."]
[Result "1-0"]
[WhiteElo "2630"]
[BlackElo "2340"]
[Annotator "TA"]
[PlyCount "87"]
[EventDate "2018.??.??"]
[EventCountry "VIE"]
[SourceTitle "playchess.com"]
[Source "ChessBase"]
[SourceQuality "1"]

{[%evp 16,87,0,-10,34,31,54,45,50,50,60,25,62,47,68,75,111,116,108,115,115,114,111,107,124,122,110,108,115,108,306,218,193,87,100,96,84,84,93,84,82,90,104,106,102,90,208,210,279,275,373,365,400,424,421,395,418,402,464,463,451,378,442,442,472,456,513,491,455,356,583,572,688,549]} 1. d4 Nf6 2. Bf4 d5 3. e3 e6 4. Nd2 c5 5. c3 Nc6 6. Ngf3 Be7 7. Ne5 Nxe5 {D02: 1 d4 d5 2 Nf3 sidelines, including 2...Nf6 3 g3 and 2...Nf6 3 Bf4} (7... Nd7 8. Bd3 O-O 9. Qh5 f5 10. Ndf3 Ndxe5 11. Nxe5 Nxe5 12. Bxe5 Bd6 13. f4 Bxe5 14. fxe5 Bd7 15. O-O Qb6 16. Rf2 Bb5 17. Bxb5 Qxb5 {½-½ (38) Adhiban,B (2653)-Aronian,L (2780) Wijk aan Zee 2017}) 8. dxe5 Nd7 9. Bd3 {LiveBook: 7 Games} Nf8 {The position is equal.} 10. Bg3 $146 ({Predecessor:} 10. h4 Bd7 11. Qg4 Rg8 12. e4 Qb6 13. O-O-O Rc8 14. h5 {1-0 (26) Solovjev,N (2328)-Gusjkov,Y (2308) Ekaterinburg 2008}) 10... Bd7 11. O-O Bc6 12. Qe2 Qc7 13. f4 g6 14. c4 dxc4 15. Nxc4 b5 16. Nd6+ $1 Bxd6 17. exd6 Qb7 18. e4 c4 19. Bc2 Nd7 20. Bh4 O-O 21. Be7 Rfe8 22. f5 Nc5 $2 (22... Qb6+ $16 23. Qf2 Qxf2+ 24. Rxf2 exf5) 23. fxg6 fxg6 24. Qf2 $40 {[%mdl 128] White wants a kill.} (24. b3 $18 {is more deadly.}) 24... Rxe7 $16 25. dxe7 Qxe7 26. Qe3 e5 27. Rf2 Ne6 28. Raf1 Rf8 29. Rxf8+ Nxf8 30. Qg3 Qc5+ (30... Kg7 $16 {keeps fighting.}) 31. Kh1 $18 Ne6 {[#]} 32. Qh4 $1 {[%cal Rh4f6] Threatens to win with Qf6.} Bd7 33. Bd1 ({Weaker is} 33. Qf6 Qf8 $16) 33... Qc8 34. Qf6 Qf8 {intending ...Qxf6.} 35. Bg4 Qxf6 36. Rxf6 Nc5 37. Bxd7 Nxd7 {[%mdl 4096] Endgame KR-KN} 38. Rc6 Kf7 {[#]} 39. a4 $1 {[%mdl 512]} bxa4 40. Rxc4 Nb6 41. Rc7+ Ke6 42. Rxa7 Kd6 $2 (42... Nc4 43. Rxa4 Nxb2 44. Ra6+ Kf7 45. Ra7+ Ke6 46. Rxh7 Nd1) 43. Rxh7 Kc5 44. Ra7 {Precision: White = 80%, Black = 28%.} 1-0

[Event "8th HDBank Cup 2018"]
[Site "Hanoi"]
[Date "2018.03.09"]
[Round "1"]
[White "Aravindh, Chithambaram VR."]
[Black "Setyaki, Azarya Jodi"]
[Result "1-0"]
[WhiteElo "2617"]
[BlackElo "2331"]
[Annotator "TA"]
[PlyCount "47"]
[EventDate "2018.??.??"]
[EventCountry "VIE"]
[SourceTitle "playchess.com"]
[Source "ChessBase"]
[SourceQuality "1"]

{[%evp 28,47,68,68,67,55,62,47,112,97,98,59,88,41,82,41,201,166,154,170,460,460]} 1. c4 Nf6 2. Nc3 g6 3. g3 Bg7 4. Bg2 O-O 5. d4 d6 6. Nf3 Nbd7 7. O-O e5 8. e4 exd4 9. Nxd4 Re8 10. h3 a6 11. Be3 Nc5 {E68: King's Indian: Fianchetto: 6...Nbd7 7 0-0 e5 8 e4} 12. Qc2 Bd7 13. Rfe1 Rb8 14. a4 a5 15. Rad1 {[#] LiveBook: 5 Games} h5 $146 ({Predecessor:} 15... Re7 16. Ndb5 b6 17. Bd4 Re8 18. Be3 Qc8 19. Kh2 h5 20. f3 Be6 {1-0 (53) Bu,X (2630)-Sandipan,C (2558) Dubai 2005}) 16. Ndb5 b6 17. f4 {[%cal Bf2f4,Bf4e5,Be5e6][%mdl 32]} Na6 ({Black should play} 17... Qc8 $14) 18. Bd4 Bxb5 19. Nxb5 Nd7 20. e5 dxe5 21. fxe5 {Threatens to win with e6!} Qg5 $2 {[#]} (21... Nb4 $14 22. Qf2 Re7) 22. e6 $1 $18 {[%cal Re6d7]} Bxd4+ 23. Nxd4 ({And not} 23. Rxd4 Ne5 $11) 23... Nf6 $2 (23... Ne5) 24. Qf2 {Precision: White = 76%, Black = 28%.} 1-0

[Event "8th HDBank Cup 2018"]
[Site "Hanoi"]
[Date "2018.03.10"]
[Round "1"]
[White "Zhao, Jun"]
[Black "Nguyen, Thi Mai Hung"]
[Result "1-0"]
[WhiteElo "2599"]
[BlackElo "2321"]
[Annotator "TA"]
[PlyCount "81"]
[EventDate "2018.??.??"]
[EventCountry "VIE"]
[SourceTitle "playchess.com"]
[Source "ChessBase"]
[SourceQuality "1"]

{[%evp 17,81,0,0,1,0,0,32,15,14,15,61,61,61,61,61,58,137,131,149,130,165,166,181,176,175,122,157,99,97,75,154,150,171,179,170,185,307,303,293,239,270,272,331,330,320,322,312,320,309,285,430,400,479,481,477,413,477,469,691,647,637,604,781,824,778,760]} 1. c4 c6 2. Nf3 d5 3. e3 Nf6 4. Nc3 e6 5. Qc2 Nbd7 6. b3 Bd6 7. Be2 Qe7 8. O-O O-O 9. d4 b6 10. e4 {D45: Semi-Slav: 5 e3} dxe4 11. Nxe4 Bc7 $146 ({Predecessor:} 11... Nxe4 12. Qxe4 Bb7 13. Bg5 Nf6 14. Qc2 h6 15. Bh4 c5 16. Rad1 Rad8 17. dxc5 Bxc5 18. Ne5 g5 19. Bg3 Ne4 20. Bf3 Rxd1 21. Rxd1 {0-1 (50) Cori Tello,D (2386)-Pourramezanali,A (2543) Cap d'Agde 2017}) 12. Bg5 {White is slightly better.} h6 13. Bh4 c5 14. dxc5 bxc5 15. Rad1 {Strongly threatening Rxd7!} Rd8 16. Qb2 {Hoping for Rxd7!} e5 (16... Bb7 $14 17. Rxd7 Qxd7 18. Nxf6+ (18. Nxc5 Qc6 $14) 18... gxf6) 17. Nxf6+ $16 gxf6 18. Nd2 {[#] Black must now prevent Ne4.} Bb7 19. f3 Nf8 {...Ng6 would now be nice for Black.} 20. Ne4 Nh7 21. Ng3 (21. Bf2 $18) 21... Rxd1 22. Rxd1 (22. Bxd1 $142 Qd7 23. Qf2) 22... Rd8 23. Qc1 Ng5 (23... Rxd1+ $142 24. Qxd1 e4) 24. Nf5 $36 {[%mdl 2048] White is on the roll.} Qf8 25. Rxd8 Bxd8 26. Qd2 {[#] And now Qd7 would win.} Bb6 (26... Bc8 {was worth a try.}) 27. Qd7 $18 Ba8 28. Bd3 Qd8 29. Nxh6+ Kf8 30. Qxd8+ Bxd8 31. Bxg5 fxg5 32. Be4 Bxe4 33. fxe4 {[%mdl 4096] Endgame KB-KN} Ke7 (33... Kg7 $142) 34. Kf2 Ke6 35. Kf3 Kf6 36. Kg4 Kg6 37. Nf5 {White is clearly winning.} Ba5 (37... Bf6 $142 38. g3 Bd8) 38. Ne7+ Kf6 39. Nd5+ Kg6 40. a3 Be1 41. b4 {Precision: White = 76%, Black = 32%.} 1-0

[Event "8th HDBank Cup 2018"]
[Site "Hanoi"]
[Date "2018.03.10"]
[Round "1"]
[White "Rozum, Ivan"]
[Black "Gomes, Mary Ann"]
[Result "1-0"]
[WhiteElo "2582"]
[BlackElo "2318"]
[Annotator "TA"]
[PlyCount "43"]
[EventDate "2018.??.??"]
[EventCountry "VIE"]
[SourceTitle "playchess.com"]
[Source "ChessBase"]
[SourceQuality "1"]

{[%evp 17,43,15,73,44,56,34,23,3,22,0,12,22,91,85,91,82,157,159,297,298,343,365,603,617,569,597,597,596]} 1. d4 Nf6 2. c4 e6 3. g3 c5 4. d5 exd5 5. cxd5 d6 6. Nc3 g6 7. Nf3 Bg7 8. Bg2 O-O 9. O-O Bg4 {LiveBook: 36 Games} (9... Re8 $11) 10. Bf4 {A62: Modern Benoni: Fianchetto Variation without early ...Nbd7} Qd7 $146 ({Predecessor:} 10... a6 11. a4 Re8 12. Re1 Bxf3 13. Bxf3 Qc7 14. Bg2 Nbd7 15. a5 Nh5 16. Bd2 b5 17. axb6 Nxb6 {0-1 (39) Matnadze,A (2361)-Kunin,V (2494) Barcelona 2006}) 11. a4 Nh5 12. Bd2 {White has an edge.} Na6 13. Qb3 Nb4 14. Nb5 a5 (14... a6 $11 15. Nc3 Rae8) 15. e4 $16 Rae8 16. Rae1 h6 ({Better is} 16... Nf6) 17. Bc3 Kh7 (17... Bxf3 $16 {keeps fighting.} 18. Bxf3 Nf6) 18. Nd2 $18 {[%cal Bf3d2,Bd2c4,Bc4b6][%mdl 32]} Rd8 19. Nc4 Bh3 $2 {[#]} (19... Qe7 20. Nxa5 Bd7 21. Bxb4 Bxb5) 20. Nb6 {White is clearly winning.} Qg4 {Threatening ...Bxg2.} 21. f3 Qg5 22. Bxh3 {Precision: White = 60%, Black = 13%.} 1-0

[Event "8th HDBank Cup 2018"]
[Site "Hanoi"]
[Date "2018.03.10"]
[Round "1"]
[White "Pichot, Alan"]
[Black "Dang, Hoang Son"]
[Result "1-0"]
[WhiteElo "2558"]
[BlackElo "2317"]
[Annotator "TA"]
[PlyCount "65"]
[EventDate "2018.??.??"]
[EventCountry "VIE"]
[SourceTitle "playchess.com"]
[Source "ChessBase"]
[SourceQuality "1"]

{[%evp 15,65,48,58,36,42,22,26,23,75,92,91,77,104,97,116,107,114,89,141,146,300,300,405,404,370,100,97,84,90,69,178,174,503,520,705,705,729,745,710,693,1035,1013,984,945,976,1025,1236,1200,29985,29986,29987,29988]} 1. e4 g6 2. d4 Bg7 3. Nf3 d6 {[%cal Bd7d6,Bd6d5][%mdl 32]} 4. Bc4 Nf6 5. Qe2 O-O 6. O-O c6 7. Bb3 d5 8. e5 {B06: Modern Defence} Ne8 {LiveBook: 7 Games} (8... Ne4 9. Ne1 h6 10. c3 Na6 11. Be3 Bd7 12. f3 Ng5 13. Nd2 f5 14. exf6 exf6 15. Bc2 f5 {1-0 (26) Artemiev,V (2671)-Ivanov,A (2420) Sochi 2015}) 9. c4 Nc7 10. h3 {White is slightly better.} Be6 $146 ({Find the theoretical novelty and annotate with similar games:} 10... b6 11. cxd5 Nxd5 12. Nc3 Ba6 13. Bc4 Bxc4 14. Qxc4 {1-0 (25) Draci,R (2228)-Markopoulos,T (1949) Athens 2007}) 11. Nc3 Nd7 (11... dxc4 $11 {remains equal.} 12. Bxc4 Nd7) 12. cxd5 $16 cxd5 13. Ng5 Nb6 14. f4 Qd7 15. Be3 Rac8 16. Nxe6 Qxe6 {[#]} (16... Nxe6 $142 17. Qf3 Nc7) 17. f5 $1 {[%mdl 512]} gxf5 $2 (17... Qd7 $16) 18. Bc2 $18 Qc6 19. Rxf5 Nc4 20. Rg5 $2 (20. Rh5 $18) 20... Nxe3 $16 21. Qxe3 {aiming for Rh5.} Qh6 {next ...Ne6 is good for Black.} 22. Qg3 $40 {[%mdl 128] White mounts an attack.} Ne6 ({Better is} 22... f6 $1 $14 23. exf6 Qxf6) 23. Rg4 $18 {[#] Hoping for Rh4.} Rfd8 $2 (23... Qd2 {is tougher.}) 24. Rh4 Qd2 25. Bxh7+ Kf8 26. Rf1 Rc6 27. Bg6 Ng5 28. Nb1 Qe2 29. Bd3 ({Less strong is} 29. Qxg5 Rxg6 30. Qxg6 Qxf1+ 31. Kxf1 fxg6 $16) 29... Qxf1+ 30. Kxf1 Ne4 31. Bxe4 Rc1+ 32. Ke2 dxe4 33. Rh7 {Precision: White = 73%, Black = 28%.} 1-0

[Event "8th HDBank Cup 2018"]
[Site "Hanoi"]
[Date "2018.03.10"]
[Round "1"]
[White "Lei, Tingjie"]
[Black "Vaingorten, Yaaqov"]
[Result "1-0"]
[WhiteElo "2545"]
[BlackElo "2298"]
[Annotator "TA"]
[PlyCount "99"]
[EventDate "2018.??.??"]
[EventCountry "VIE"]
[SourceTitle "playchess.com"]
[Source "ChessBase"]
[SourceQuality "1"]

{[%evp 12,99,14,6,6,8,-2,-19,8,-3,-17,-25,-27,-22,-19,-25,-23,-25,-29,-20,0,0,20,22,20,17,26,12,55,37,37,39,47,47,47,47,47,47,54,44,87,40,63,40,37,39,36,0,0,0,61,64,72,75,71,56,62,60,68,60,58,62,64,67,163,153,256,230,219,220,206,204,553,534,620,487,2289,1783,29985,29986,29986,29987,29987,29986,29986,29987,29993,29985,29994,29995]} 1. c4 f5 2. g3 Nf6 3. Bg2 e5 4. Nc3 Be7 5. d3 O-O 6. Nf3 d6 7. Rb1 {LiveBook: 3 Games. A21: English Opening: 1...e5 2 Nc3} (7. O-O a5 8. Rb1 c6 9. a3 Na6 10. b4 axb4 11. axb4 Nc7 12. Bd2 Kh8 13. b5 c5 14. Ra1 Rb8 15. Ra7 Qe8 16. b6 Ne6 {0-1 (41) Almasi,Z (2682)-Adhiban,B (2655) Riadh 2017}) 7... a5 8. a3 Qe8 9. c5 $146 {The position is equal.} ({Predecessor:} 9. b4 axb4 10. axb4 Na6 11. O-O Qh5 12. Qc2 Rb8 13. Bg5 Kh8 14. Bxf6 Bxf6 {0-1 (49) Heimrath,R (2191)-Brem,S (2063) Fuerth 2015}) 9... Kh8 10. cxd6 Bxd6 11. Nd2 Nc6 12. Nb5 Qe7 13. Nxd6 cxd6 14. b4 axb4 15. axb4 d5 16. b5 Nd4 17. e3 Ne6 18. O-O Bd7 19. Nf3 Nc5 {[#]} 20. Nxe5 $1 {[%mdl 512]} Qxe5 21. d4 Qe7 22. dxc5 Qxc5 23. Bd2 Rfc8 24. Bb4 Qc4 25. Re1 {[%cal Bf1e1,Be1e2,Be2d2,Bd2d5][%mdl 32]} Ne4 26. Bf1 Qa2 27. Re2 $1 {[%cal Re2a2]} Qa4 $1 28. Qxd5 Qxb5 29. Rd2 Qxd5 30. Rxd5 Be6 (30... Bc6 $1 $11 31. Ra5 (31. Rxf5 Nxg3 32. Ra5 Rxa5 $11) 31... Rxa5 32. Bxa5 Ng5) 31. Re5 $14 Ba2 32. Ra1 {Black must now prevent f3.} g6 33. Bg2 Ra4 34. Be1 Rc7 35. h4 {[%cal Bh2h4,Bh4h5][%mdl 32]} Kg7 36. g4 {[%cal Bg3g4,Bg4g5][%mdl 32]} Kf6 37. f4 Rc2 (37... Ra6 $14) 38. h5 $18 Nc3 (38... Ra6 $16 39. gxf5 (39. Bxe4 fxe4 40. Bh4+ Kf7 $16) 39... gxf5 40. Bh4+ (40. Bxe4 fxe4 41. Rd1 Bc4 $14) 40... Kg7 41. Rxf5 (41. Bxe4 fxe4 42. Kh1 Bc4 $11) 41... Be6 42. h6+ Kg8) 39. g5+ (39. Bxb7 Ne2+ 40. Kf1 Nxf4 $17) 39... Kf7 40. Bxc3 ({Resist} 40. Bxb7 $6 Ne2+ 41. Kh1 Nc1 $16) 40... Rxc3 41. Bd5+ ({Don't do} 41. Bxb7 Rb4) 41... Bxd5 $2 (41... Kf8 42. Re6 (42. Bxa2 Rca3 $18) (42. Rxa2 Rc1+ 43. Kf2 Rxa2+ 44. Bxa2 Rc2+ 45. Kf3 Rxa2 $16) (42. Bxb7 Raa3 $16) 42... gxh5) 42. Rxa4 {[%mdl 4096] Endgame KRR-KRB} Bf3 43. Rd4 {[#] And now Rd7+ would win.} Bc6 (43... Bxh5 $142 44. Rd7+ Kf8) 44. h6 Rb3 45. Rd6 {White mates.} Rb1+ 46. Kf2 Rb2+ 47. Ke1 Rb1+ 48. Kd2 Rb4 49. Rf6+ Kg8 50. Re7 {Precision: White = 87%, Black = 32%.} 1-0

[Event "8th HDBank Cup 2018"]
[Site "Hanoi"]
[Date "2018.03.10"]
[Round "1"]
[White "Vishnu Prasanna.  V"]
[Black "Zou, Chen"]
[Result "0-1"]
[WhiteElo "2526"]
[BlackElo "2291"]
[Annotator "TA"]
[PlyCount "76"]
[EventDate "2018.??.??"]
[EventCountry "VIE"]
[SourceTitle "playchess.com"]
[Source "ChessBase"]
[SourceQuality "1"]

{[%evp 18,76,29,30,31,-9,55,51,80,48,46,33,39,24,29,32,41,26,27,20,35,-18,0,-6,-8,-123,52,21,21,21,21,21,21,20,27,32,23,-37,-39,-31,-40,-54,0,0,0,-272,-282,-270,-264,-400,-417,-409,-388,-402,-373,-395,-373,-523,-408,-793,-785]} 1. e4 c5 2. Nf3 d6 3. d4 cxd4 4. Nxd4 Nf6 5. Nc3 a6 6. Bg5 e6 7. f4 Qb6 8. a3 Nc6 9. Nb3 Be7 {B97: Sicilian Najdorf: Poisoned Pawn} 10. Qd2 {LiveBook: 17 Games} h6 (10... O-O 11. O-O-O Rd8 12. Bd3 h6 13. h4 Bd7 14. Qe2 Kf8 15. e5 dxe5 16. fxe5 hxg5 17. exf6 Bxf6 18. hxg5 Bxg5+ {1-0 (35) Nakamura,H (2786)-Nepomniachtchi,I (2751) Moscow 2017}) 11. Bh4 {[#]} (11. Bxf6 $5 Bxf6 12. O-O-O $11) 11... g5 $146 ({Black should try} 11... Nxe4 $1 $11 {[%mdl 512]} 12. Nxe4 Bxh4+ 13. g3 Be7) ({Predecessor:} 11... Nxe4 12. Nxe4 Bxh4+ 13. g3 Be7 14. Nxd6+ Bxd6 15. Qxd6 Qe3+ 16. Be2 e5 17. Qd2 Qxd2+ 18. Kxd2 {½-½ (40) Jakobsons,A (1956)-Schoonhoven,J (2280) IECG email 2001}) 12. Bf2 $14 Qc7 13. Be2 gxf4 14. Qxf4 Ne5 {[%cal Bc6e5,Be5g4,Bg4f6][%mdl 32]} 15. O-O Bd7 16. Bd4 Bc6 17. a4 Rg8 18. Nd2 Neg4 {aiming for ...e5.} 19. Bxf6 (19. Nc4 $1 $14) 19... Nxf6 20. Kh1 O-O-O 21. Nb5 ({Much worse is} 21. Qxh6 d5 $17) (21. Qe3 $11) 21... Qb6 $2 (21... axb5 $17 22. axb5 Be8 23. Qxh6 Ng4 24. Bxg4 Rxg4) 22. Nc4 (22. a5 $5 {[%cal Ra5b6]} Qc5 23. b4 $14) 22... Qc5 23. b4 Qg5 $1 {[%cal Rg5g2]} 24. Qxg5 ({But not} 24. Ncxd6+ Kb8 $17) 24... Rxg5 25. Na7+ Kc7 26. Nxc6 bxc6 27. c3 ({Better is} 27. Rf4 $11) 27... Nxe4 $15 28. Rxf7 Rd7 29. b5 axb5 (29... cxb5 $15 30. axb5 Rxb5) 30. axb5 $11 Rxb5 {Threatens to win with ...Bf6.} 31. Bg4 $2 {[%mdl 8192] [#]} (31. Nd2 $1 $11 {and White stays safe.} Nxd2 32. Bxb5 cxb5 33. Ra7+ Kc6 34. Rxe7 Rxa7 35. Rxa7) 31... Bf6 $1 $19 32. Rxd7+ Kxd7 33. Kg1 (33. Bf3 $142 Nc5 34. Ra7+ Nb7 35. Na3) 33... Bxc3 34. Ra7+ Kd8 {( -> ...Rb1+)} 35. Kf1 Rb1+ 36. Ke2 d5 37. Kd3 (37. Na5 $142 Bxa5 38. Rxa5) 37... Rc1 38. Bxe6 (38. Ne3 $142) 38... Nc5+ {Precision: White = 39%, Black = 64%.} 0-1

[Event "8th HDBank Cup 2018"]
[Site "Hanoi"]
[Date "2018.03.09"]
[Round "1"]
[White "Deepan Chakkravarthy J."]
[Black "Kulkarni Bhakti"]
[Result "1-0"]
[WhiteElo "2520"]
[BlackElo "2275"]
[Annotator "TA"]
[PlyCount "67"]
[EventDate "2018.??.??"]
[EventCountry "VIE"]
[SourceTitle "playchess.com"]
[Source "ChessBase"]
[SourceQuality "1"]

{[%evp 14,67,-9,-16,-17,-20,-8,-10,2,-10,2,-1,8,4,11,8,9,6,16,0,0,0,0,-1,0,-7,0,-19,-17,-21,-7,-6,16,13,33,0,8,11,46,65,161,161,343,203,545,608,547,583,552,535,906,878,1085,1124,1132,1119]} 1. Nf3 d5 2. g3 Nf6 3. Bg2 e6 4. O-O c5 (4... Be7 5. c4 O-O 6. d4 dxc4 7. Qa4 a6 8. Qxc4 b5 9. Qc2 Bb7 10. Bd2 Be4 11. Qc1 c6 12. Rd1 Nbd7 13. Nc3 Bg6 14. Bg5 Rc8 15. a3 a5 16. h4 h6 17. Bxf6 Bxf6 18. Qe3 Qb6 19. Ne4 {½-½ (28) Kramnik,V (2787)-So,W (2792) Wijk aan Zee 2018}) 5. c3 Be7 6. d3 {A07: Réti Opening: New York and Capablanca Systems} O-O 7. a3 Nc6 {[%cal Bb8c6,Bc6e5,Be5f3][%mdl 32]} 8. Nbd2 {LiveBook: 8 Games. The position is equal.} Qc7 9. b4 b6 10. b5 $146 ({Predecessor:} 10. Bb2 Bb7 11. Re1 e5 12. e4 d4 13. cxd4 cxd4 14. Rc1 {½-½ (56) Dowgird,F (2110)-Krupa,M (2226) Rewal 2011}) 10... Ne5 11. a4 Nxf3+ 12. Nxf3 a6 13. Bf4 Bd6 14. Bxd6 Qxd6 15. e4 {[#] Threatens to win with e5.} Nd7 16. Re1 Bb7 17. e5 Qc7 18. d4 Ra7 19. Qd2 Rfa8 {Hoping for ...axb5.} 20. Rab1 axb5 21. axb5 Ra2 22. Rb2 Rxb2 (22... R2a3 {feels hotter.} 23. Rc1 R8a4 24. Bf1 Qc8 25. Bd3 Qa8) 23. Qxb2 Qb8 24. h4 {[%cal Bh2h4,Bh4h5,Bh5h6][%mdl 32]} Qa7 25. h5 Qa4 26. h6 g6 (26... gxh6 $14 27. Qd2 Kg7) 27. Ng5 $18 c4 $2 (27... Qa3 28. Qxa3 Rxa3) 28. Bh3 (28. Qc1 $142) 28... Qa3 $2 (28... Nf8 {is a better chance.} 29. Qd2 Qa3) 29. Qxa3 {White is clearly winning.} Rxa3 30. Re3 Ra1+ 31. Kg2 Rd1 {[#]} 32. Nxe6 $1 {[%mdl 512]} Rd3 (32... fxe6 33. Bxe6+) 33. Nd8 Bc8 34. Nc6 {Precision: White = 70%, Black = 22%.} 1-0